Hình ảnh điều khiển tâm trí : 30 kỹ thuật điều khiển tâm lý trong truyền thông thị giác

Nội dung sách giới thiệu 30 kỹ thuật tâm lý ứng dụng trong truyền thông thị giác được chia tách theo 3 dạng thức nhu cầu của khách hàng: Nhu cầu bản năng, nhu cầu xã hội, nhu cầu cá nhân. Đồng thời khai thác động lực thuyết phục ẩn sau nhữ...

Cijeli opis

Spremljeno u:
Bibliografski detalji
Glavni autor: Andrews, Marc
Daljnji autori: Matthijs van Leeuwen, Rick van Baaren, Hà Minh Tú (Dịch)
Format: Knjiga
Jezik:Vietnamese
Izdano: H. Dân trí 2023
Izdanje:Tái bản
Serija:Bộ sách Mỹ thuật ứng dụng trong marketing
Teme:
Oznake: Dodaj oznaku
Bez oznaka, Budi prvi tko označuje ovaj zapis!
Thư viện lưu trữ: Thư viện Trường Đại học Nam Cần Thơ
LEADER 01830nam a22002777a 4500
001 NCT_4_015801
008 250116b xxu||||| |||| 00| 0 vie d
999 |c 8752  |d 8752 
020 |a 9786044001241  |c 155000 
082 0 4 |2 23rd ed.  |a 302.23  |b A565 
100 1 |a Andrews, Marc 
245 1 0 |a Hình ảnh điều khiển tâm trí :   |b 30 kỹ thuật điều khiển tâm lý trong truyền thông thị giác  |c Marc Andrews, Matthijs van Leeuwen, Rick van Baaren ; Hà Minh Tú (Dịch) 
250 |a Tái bản 
260 |a H.  |b Dân trí  |c 2023 
300 |a 193 tr.  |b Minh hoạ  |c 21 cm 
490 0 |a Bộ sách Mỹ thuật ứng dụng trong marketing 
520 3 |a Nội dung sách giới thiệu 30 kỹ thuật tâm lý ứng dụng trong truyền thông thị giác được chia tách theo 3 dạng thức nhu cầu của khách hàng: Nhu cầu bản năng, nhu cầu xã hội, nhu cầu cá nhân. Đồng thời khai thác động lực thuyết phục ẩn sau những hình ảnh của các chiến dịch truyền thông. 
653 |a Truyền thông đa phương tiện 
700 1 |a Matthijs van Leeuwen 
700 1 |a Rick van Baaren 
700 1 |a Hà Minh Tú  |e Dịch 
942 |2 ddc  |c BK 
952 |0 0  |1 0  |2 ddc  |4 0  |6 302_230000000000000_A565  |7 0  |9 30056  |a 000001  |b 000001  |d 2025-01-16  |o 302.23 A565  |p MD.23268  |r 2025-01-16  |v 155000.00  |w 2025-01-16  |y BK 
952 |0 0  |1 0  |2 ddc  |4 0  |6 302_230000000000000_A565  |7 0  |9 30057  |a 000001  |b 000001  |d 2025-01-16  |o 302.23 A565  |p MD.23269  |r 2025-01-16  |v 155000.00  |w 2025-01-16  |y BK 
952 |0 0  |1 0  |2 ddc  |4 0  |6 302_230000000000000_A565  |7 0  |9 30058  |a 000001  |b 000001  |d 2025-01-16  |o 302.23 A565  |p MD.23270  |r 2025-01-16  |v 155000.00  |w 2025-01-16  |y BK 
980 |a Thư viện Trường Đại học Nam Cần Thơ